000 00591nam a2200205Ia 4500
005 20250326143523.0
008 250326s9999 xx 000 0 und d
020 _a81-203-0567-1
037 _aTextbook
040 _aFMSL
_beng
_cFMSL
041 _aeng
_2eng
084 _aX:514 P5;4
_qFMSL
100 _aStill R R
_9736904
245 0 _aSales management : decision, strategies and cases
_cStill R R And Others
250 _a5
260 _aNew Delhi
_bNew Delhi, Prentice Hall of India
_c2005
300 _a636p
942 _cTB
_hX:514 P5;4
999 _c1299929
_d1299929